| 000 | 00886cab a2200265 4500 | ||
|---|---|---|---|
| 001 | WB3004-27 | ||
| 008 | 090401t1994 xxu||||| |||| 00| 0 eng d | ||
| 035 | _a(Sirsi) u58537 | ||
| 041 | _aeng | ||
| 245 | _aPolluted land litigation in new twist | ||
| 260 | _c1994 | ||
| 350 | _a0 | ||
| 490 |
_aCSW - The Property Week _v46(4) 27 January 1994, 71(1) |
||
| 520 | _a"Cambridge Water Co v Eastern Counties Leather" raised issues of `non-natural` use of land and of solvents being `irretrievably lost in the ground`. This article looks at the implications for property. | ||
| 650 | _aBALLARD V TOMLINSON | ||
| 650 | _aCONTAMINATED LAND | ||
| 650 |
_aContamination _96231 |
||
| 650 | _aLIABILITY | ||
| 650 | _aNON-NATURAL | ||
| 650 | _aRYLANDS V FLETCHER | ||
| 650 | _aSTRICT LIABILITY | ||
| 690 | _aENVIRONMENTAL AND LAND CONSULTANCY | ||
| 942 | _n0 | ||
| 948 | _c04/03/1997 | ||
| 999 |
_c35761 _d35761 |
||